[Event "New Zealand Open Ch'p 2015"]
[Site "Devonport, Auckland"]
[Date "2015.01.06"]
[Round "6.30"]
[White "Louie, Ryan"]
[Black "Lyall, Simon"]
[Result "1-0"]
[WhiteElo "1927"]
[BlackElo "1786"]
[PlyCount "63"]
[EventDate "2015.01.01"]
[EventType "swiss"]
[EventRounds "9"]
[SourceDate "2015.01.01"]

1. e4 e5 2. Nf3 Nf6 3. Nxe5 d6 4. Nf3 Nxe4 5. Nc3 Nxc3 6. dxc3 Be7 7. Be3 O-O
8. Qd2 Nd7 9. Bd3 Nc5 10. O-O Nxd3 11. Qxd3 c6 12. Rae1 d5 13. Nd4 Qd7 14. Bf4
Bd6 15. Qg3 Bxf4 16. Qxf4 Qg4 17. Qc7 h5 18. Re3 h4 19. Rfe1 Qg6 20. Qe7 f6 21.
Qc7 f5 22. f4 Qf7 23. Re7 Qg6 24. h3 Rf7 25. Re8+ Kh7 26. Qd8 Qf6 27. Rh8+ Kg6
28. Qg8 Re7 29. Qh7+ Kf7 30. Qh5+ Qg6 31. Rxe7+ Kxe7 32. Qxg6 1-0

[Event "New Zealand Open Ch'p 2015"]
[Site "Devonport, Auckland"]
[Date "2015.01.06"]
[Round "6.31"]
[White "Maris, Robert"]
[Black "Rossiter, Philip E"]
[Result "1-0"]
[WhiteElo "1895"]
[BlackElo "1775"]
[PlyCount "72"]
[EventDate "2015.01.01"]
[EventType "swiss"]
[EventRounds "9"]
[SourceDate "2015.01.01"]

1. d4 e6 2. Nf3 f5 3. Bg5 Nf6 4. Nc3 d5 5. e3 c6 6. a3 Nbd7 7. Ne5 Be7 8. Bxf6
Nxf6 9. Be2 O-O 10. f4 c5 11. O-O Nd7 12. Nxd7 Bxd7 13. Qd2 Qb6 14. g4 cxd4 15.
exd4 Rac8 16. Nd1 Qc7 17. Nc3 fxg4 18. Bxg4 Bd6 19. f5 exf5 20. Bf3 Bc6 21.
Nxd5 Qf7 22. c4 Qg6+ 23. Kh1 Bxd5 24. Bxd5+ Kh8 25. c5 Bb8 26. Bxb7 Rc7 27. Bf3
Qf6 28. Rg1 Rd8 29. Rae1 h6 30. d5 Rxc5 31. Qg2 Be5 32. Re2 Rdc8 33. Rge1 Rc1
34. b4 R8c2 35. Qf1 Rxe1 36. Qxe1 Bf4 1-0

[Event "New Zealand Open Ch'p 2015"]
[Site "Devonport, Auckland"]
[Date "2015.01.06"]
[Round "6.32"]
[White "Tsagarakis, Angelo"]
[Black "Burke, Matthew WP"]
[Result "1-0"]
[WhiteElo "1855"]
[BlackElo "1833"]
[PlyCount "115"]
[EventDate "2015.01.01"]
[EventType "swiss"]
[EventRounds "9"]
[SourceDate "2015.01.01"]

1. d4 d5 2. Nf3 Nf6 3. Bf4 c5 4. c3 Nc6 5. e3 Qb6 6. Qb3 c4 7. Qc2 Bf5 8. Qc1
e6 9. Be2 h6 10. h3 Qd8 11. Nbd2 b5 12. O-O Be7 13. a4 b4 14. Re1 O-O 15. Nf1
Ne4 16. N3d2 bxc3 17. bxc3 Bd6 18. Nxe4 Bxf4 19. exf4 Bxe4 20. Ng3 Bh7 21. Qe3
Ne7 22. Bg4 Re8 23. Ra2 Nf5 24. Nxf5 Bxf5 25. Bf3 Bd3 26. g4 Qd7 27. Kg2 Rab8
28. h4 Rb3 29. Qd2 Reb8 30. Bd1 R3b6 31. g5 hxg5 32. hxg5 Bb1 33. Ra1 Be4+ 34.
Kg3 Rb2 35. Qe3 Kf8 36. Be2 Bf5 37. Bd1 Ke7 38. Qe5 Be4 39. Qxg7 Qe8 40. Bh5
Qg8 41. Qf6+ Kf8 42. f3 Bf5 43. Rh1 Qg7 44. Bg4 Qxf6 45. gxf6 Ke8 46. Bxf5 exf5
47. Rae1+ Kd7 48. Rh7 Rg8+ 49. Rg7 Rh8 50. Rxf7+ Kd6 51. Rxa7 Rbh2 52. Ra6+ Kc7
53. Re7+ Kb8 54. Rb6+ Ka8 55. Re8+ Rxe8 56. Kxh2 Rf8 57. Kg3 Ka7 58. a5 1-0

[Event "New Zealand Open Ch'p 2015"]
[Site "Devonport, Auckland"]
[Date "2015.01.06"]
[Round "6.33"]
[White "Rains, Timothy"]
[Black "Shen, Terry"]
[Result "1-0"]
[WhiteElo "1814"]
[BlackElo "1722"]
[PlyCount "83"]
[EventDate "2015.01.01"]
[EventType "swiss"]
[EventRounds "9"]
[SourceDate "2015.01.01"]

1. d4 Nf6 2. c4 g6 3. Nc3 Bg7 4. e4 d6 5. Be3 O-O 6. Be2 e5 7. d5 c5 8. g4 Ne8
9. h4 f5 10. gxf5 gxf5 11. exf5 Bxf5 12. Bg5 Bf6 13. Qd2 Bxg5 14. hxg5 Ng7 15.
O-O-O Qd7 16. Qe3 Qf7 17. Rd2 Bg6 18. Ne4 Bxe4 19. Qxe4 Nf5 20. Bd3 Na6 21. Ne2
Rae8 22. Ng3 Nxg3 23. fxg3 Re7 24. Rdh2 Qf3 25. Rxh7 Qxe4 26. Bxe4 Rxh7 27.
Rxh7 Rf7 28. Rh6 Rd7 29. Bf5 Rd8 30. g4 Nc7 31. Rh7 Ne8 32. Rxb7 Ng7 33. Rxa7
Rf8 34. Bd3 Rf3 35. Bg6 Kf8 36. a4 Rg3 37. Rf7+ Kg8 38. Rd7 Kf8 39. Rxd6 Rxg4
40. b3 Rxg5 41. Rf6+ Kg8 42. d6 1-0

[Event "New Zealand Open Ch'p 2015"]
[Site "Devonport, Auckland"]
[Date "2015.01.06"]
[Round "6.34"]
[White "Gunawan, Boy Reinhard"]
[Black "Holdaway, Steven"]
[Result "1-0"]
[WhiteElo "1980"]
[BlackElo "1387"]
[PlyCount "75"]
[EventDate "2015.01.01"]
[EventType "swiss"]
[EventRounds "9"]
[SourceDate "2015.01.01"]

1. d4 Nf6 2. c4 g6 3. Nf3 Bg7 4. g3 O-O 5. Bg2 d6 6. O-O Nbd7 7. Nc3 e5 8. dxe5
Nxe5 9. Nxe5 dxe5 10. Qc2 c6 11. Bg5 h6 12. Bd2 Bf5 13. e4 Be6 14. b3 Qc8 15.
Rad1 Bh3 16. f3 Bxg2 17. Kxg2 h5 18. Qc1 Kh7 19. Bg5 Ng8 20. h3 f6 21. Be3 Bh6
22. Bxh6 Nxh6 23. Rd3 f5 24. f4 Qe6 25. fxe5 Qxe5 26. exf5 Nxf5 27. Re1 Qc7 28.
Ne4 Kg8 29. Qc3 Qg7 30. Qxg7+ Kxg7 31. Nd6 Nxd6 32. Rxd6 Rf7 33. Ree6 Rf5 34.
Rxg6+ Kh7 35. g4 hxg4 36. hxg4 Rf7 37. Rh6+ Kg7 38. Rdg6+ 1-0

[Event "New Zealand Open Ch'p 2015"]
[Site "Devonport, Auckland"]
[Date "2015.01.06"]
[Round "6.35"]
[White "Vincenti, David"]
[Black "Wei, Louie"]
[Result "1-0"]
[WhiteElo "2106"]
[BlackElo "1423"]
[PlyCount "83"]
[EventDate "2015.01.01"]
[EventType "swiss"]
[EventRounds "9"]
[SourceDate "2015.01.01"]

1. d4 d5 2. c4 c6 3. Nc3 Nf6 4. e3 Bf5 5. cxd5 Nxd5 6. Bd3 Bxd3 7. Qxd3 e6 8.
Nf3 Bb4 9. e4 Nf6 10. O-O O-O 11. Bg5 h6 12. Bh4 Be7 13. Rad1 Qd7 14. Ne5 Qd6
15. Nxf7 Rxf7 16. e5 Qd7 17. exf6 Bxf6 18. Bxf6 Rxf6 19. Ne4 Rf7 20. Nc5 Qd5
21. Qb3 Qxb3 22. axb3 Re7 23. Rfe1 Kf7 24. Re3 b6 25. Nd3 Nd7 26. b4 Rd8 27.
Rc1 Rc8 28. g3 g5 29. Kg2 Kf6 30. Kf3 Kf5 31. g4+ Kf6 32. Ke4 e5 33. Rf3+ Kg7
34. dxe5 Re6 35. Rf5 Rce8 36. f4 Kg6 37. fxg5 hxg5 38. h4 gxh4 39. Nf4+ Kg7 40.
Nxe6+ Rxe6 41. Rh1 Rh6 42. Rh5 1-0

[Event "New Zealand Open Ch'p 2015"]
[Site "Devonport, Auckland"]
[Date "2015.01.06"]
[Round "6.36"]
[White "Shaw, Robin A"]
[Black "Huang, Alex"]
[Result "1/2-1/2"]
[WhiteElo "1813"]
[BlackElo "2035"]
[PlyCount "35"]
[EventDate "2015.01.01"]
[EventType "swiss"]
[EventRounds "9"]
[SourceDate "2015.01.01"]

1. c4 Nf6 2. Nc3 c5 3. e4 d6 4. d3 Nc6 5. Bg5 e6 6. f4 Be7 7. Nf3 h6 8. Bxf6
Bxf6 9. Be2 O-O 10. Qd2 a6 11. O-O Rb8 12. g4 Nd4 13. Rae1 Bh4 14. Nxh4 Qxh4
15. Bd1 b5 16. Qf2 Qxf2+ 17. Rxf2 b4 18. Ne2 1/2-1/2

[Event "New Zealand Open Ch'p 2015"]
[Site "Devonport, Auckland"]
[Date "2015.01.06"]
[Round "6.37"]
[White "Mallela, Raivath"]
[Black "Bennett, Hilton P"]
[Result "0-1"]
[WhiteElo "1190"]
[BlackElo "2009"]
[PlyCount "86"]
[EventDate "2015.01.01"]
[EventType "swiss"]
[EventRounds "9"]
[SourceDate "2015.01.01"]

1. d4 Nf6 2. c4 g6 3. Nc3 Bg7 4. e4 d6 5. Be2 O-O 6. Nf3 Na6 7. O-O e5 8. Be3
Ng4 9. Bg5 Qe8 10. Qd2 h6 11. Bh4 exd4 12. Nxd4 Nxh2 13. Ndb5 Nxf1 14. Bxf1 Be6
15. Re1 Qd7 16. Nd5 Bxd5 17. exd5 Rfe8 18. Be2 Nc5 19. Qa5 b6 20. Qd2 a6 21.
Nc3 Ne4 22. Nxe4 Rxe4 23. Bg3 Rae8 24. Qc2 Qe7 25. Kf1 Qf6 26. b3 Qc3 27. Qd1
Qb2 28. f3 R4e7 29. Bd3 Rxe1+ 30. Bxe1 Qxa2 31. Bc2 Qa1 32. Qd2 Qe5 33. Bd3 Qh2
34. Be2 Qh1+ 35. Kf2 Bf6 36. g3 Bd4+ 37. Qxd4 Qh2+ 38. Kf1 Qxe2+ 39. Kg1 Qxe1+
40. Kg2 Re2+ 41. Kh3 h5 42. g4 Qh1+ 43. Kg3 Qh2# 0-1

[Event "New Zealand Open Ch'p 2015"]
[Site "Devonport, Auckland"]
[Date "2015.01.06"]
[Round "6.38"]
[White "Schmitz, Manuela"]
[Black "Nicholls, Leighton"]
[Result "1-0"]
[WhiteElo "1966"]
[BlackElo "1757"]
[PlyCount "49"]
[EventDate "2015.01.01"]
[EventType "swiss"]
[EventRounds "9"]
[SourceDate "2015.01.01"]

1. d4 Nf6 2. Nf3 d5 3. c4 e6 4. Bg5 Nbd7 5. e3 c6 6. Nc3 Be7 7. Rc1 dxc4 8.
Bxc4 b5 9. Bd3 Bb7 10. O-O O-O 11. Qe2 a6 12. Rfd1 Nd5 13. Bxe7 Qxe7 14. Nxd5
exd5 15. Bf5 g6 16. Bxd7 Qxd7 17. Ne5 Qd6 18. Rc5 f6 19. Nd3 a5 20. Rdc1 Rfc8
21. h4 Rc7 22. Nf4 Bc8 23. Qf3 Raa7 24. Qg3 Bd7 25. Nxd5 1-0

[Event "New Zealand Open Ch'p 2015"]
[Site "Devonport, Auckland"]
[Date "2015.01.06"]
[Round "6.40"]
[White "Brockman, Roland"]
[Black "Power, P Wayne"]
[Result "1/2-1/2"]
[WhiteElo "1652"]
[BlackElo "1926"]
[PlyCount "96"]
[EventDate "2015.01.01"]
[EventType "swiss"]
[EventRounds "9"]
[SourceDate "2015.01.01"]

1. d4 d5 2. Nf3 Nf6 3. e3 e6 4. Bd3 c6 5. Nbd2 Nbd7 6. O-O Bd6 7. c3 O-O 8. e4
dxe4 9. Nxe4 Nxe4 10. Bxe4 Nf6 11. Bc2 h6 12. Re1 Qa5 13. Ne5 Rd8 14. Qf3 Be7
15. Qg3 Kf8 16. Bg6 Bd6 17. Bxf7 Qc7 18. Bg6 Bxe5 19. dxe5 Nd5 20. Be3 b6 21.
Rad1 Ba6 22. h3 Nxe3 23. Qxe3 Rd5 24. Rxd5 cxd5 25. Qf4+ Kg8 26. Re3 Rf8 27.
Qa4 Bc8 28. Qd4 Bd7 29. Bh5 Bb5 30. Bg4 Qe7 31. Qb4 Qd7 32. Bxe6+ Qxe6 33. Qxb5
Rf5 34. Qa6 Rxe5 35. Rxe5 Qxe5 36. Qxa7 Qe1+ 37. Kh2 Qxf2 38. Qa8+ Kh7 39. Qxd5
Qxb2 40. Qe4+ Kh8 41. Qb4 Qf2 42. Qd4 Qb2 43. a4 Qb3 44. Qb4 Qe6 45. Qb5 Qd6+
46. Kg1 Qd1+ 47. Kf2 Qd2+ 48. Kf1 Qxc3 1/2-1/2

[Event "New Zealand Open Ch'p 2015"]
[Site "Devonport, Auckland"]
[Date "2015.01.06"]
[Round "6.41"]
[White "Brockway, Andrew"]
[Black "Aldridge, Alan L"]
[Result "1/2-1/2"]
[WhiteElo "1727"]
[BlackElo "1890"]
[PlyCount "62"]
[EventDate "2015.01.01"]
[EventType "swiss"]
[EventRounds "9"]
[SourceDate "2015.01.01"]

1. e4 c6 2. d4 d5 3. exd5 cxd5 4. Bd3 Nf6 5. c3 Nc6 6. Bf4 Bg4 7. Qb3 Qd7 8.
Nd2 e6 9. Ngf3 Be7 10. O-O O-O 11. h3 Bh5 12. Rae1 Bg6 13. Bxg6 hxg6 14. Be5
Na5 15. Qd1 b5 16. b4 Nc4 17. Nxc4 dxc4 18. Bxf6 gxf6 19. Re3 a5 20. a3 axb4
21. axb4 Ra3 22. Qd2 Rfa8 23. Rfe1 Qd5 24. Re4 Ra1 25. Rxa1 Rxa1+ 26. Re1 Rxe1+
27. Nxe1 e5 28. Qe3 Bd6 29. Nf3 exd4 30. Qxd4 Qe6 31. Kf1 Be5 1/2-1/2

[Event "New Zealand Open Ch'p 2015"]
[Site "Devonport, Auckland"]
[Date "2015.01.06"]
[Round "6.42"]
[White "James, Jack"]
[Black "Wang, Aaron Ziwen"]
[Result "1-0"]
[WhiteElo "1867"]
[BlackElo "1409"]
[PlyCount "79"]
[EventDate "2015.01.01"]
[EventType "swiss"]
[EventRounds "9"]
[SourceDate "2015.01.01"]

1. e4 c5 2. Nc3 Nc6 3. f4 d6 4. Nf3 Nf6 5. d3 e5 6. g3 Bg4 7. h3 Bxf3 8. Qxf3
Nd4 9. Qf2 Be7 10. f5 O-O 11. Bg2 b5 12. O-O b4 13. Nd1 Rc8 14. Ne3 Nd7 15. c3
Nb5 16. Bd2 bxc3 17. bxc3 Rb8 18. Rfb1 Nc7 19. Qe1 Bf6 20. g4 Bh4 21. Rxb8 Nxb8
22. Qc1 Nc6 23. Rb1 Qd7 24. Qa3 Bg5 25. Kf2 Bh4+ 26. Ke2 Bg3 27. Nd5 Nxd5 28.
exd5 Ne7 29. Qa6 Nc8 30. Rb7 Qd8 31. c4 Re8 32. Ba5 Qf6 33. Rb8 Rf8 34. Rxc8 h6
35. Rxf8+ Kh7 36. Bd8 Qxd8 37. Rxd8 h5 38. Qxa7 e4 39. Bxe4 f6 40. Qf7 1-0

[Event "New Zealand Open Ch'p 2015"]
[Site "Devonport, Auckland"]
[Date "2015.01.06"]
[Round "6.44"]
[White "Holdo, Karl"]
[Black "Pakenham, John"]
[Result "1-0"]
[WhiteElo "1606"]
[BlackElo "1704"]
[PlyCount "63"]
[EventDate "2015.01.01"]
[EventType "swiss"]
[EventRounds "9"]
[SourceDate "2015.01.01"]

1. d4 f5 2. c4 Nf6 3. Nc3 c5 4. d5 g6 5. Nf3 Bg7 6. Qc2 O-O 7. g3 d6 8. Bg2 Na6
9. O-O Nc7 10. a4 a5 11. Re1 h6 12. Nh4 Kh7 13. e4 Nxe4 14. Nxe4 fxe4 15. Bxe4
Bd4 16. Be3 Bxe3 17. Rxe3 Rf6 18. Bxg6+ Kg7 19. Bd3 e5 20. Rae1 Bh3 21. Bf5
Bxf5 22. Nxf5+ Kf7 23. Nh4 Qg8 24. Qe2 Qg5 25. Rb3 Ra7 26. Kh1 b6 27. Rxb6 Na6
28. Ng2 Nb4 29. f4 Qf5 30. fxe5 dxe5 31. Rxf6+ Qxf6 32. Rf1 1-0

[Event "New Zealand Open Ch'p 2015"]
[Site "Devonport, Auckland"]
[Date "2015.01.06"]
[Round "6.45"]
[White "Watharow, Sean"]
[Black "Fan, Allen Chi Zhou"]
[Result "1-0"]
[WhiteElo "1876"]
[BlackElo "1816"]
[PlyCount "129"]
[EventDate "2015.01.01"]
[EventType "swiss"]
[EventRounds "9"]
[SourceDate "2015.01.01"]

1. e4 Nf6 2. Nc3 d5 3. exd5 Nxd5 4. Bc4 Nxc3 5. Qf3 e6 6. Qxc3 a6 7. d4 Nc6 8.
a3 Qxd4 9. Bd2 Bc5 10. O-O-O Qxc3 11. Bxc3 O-O 12. Nh3 b5 13. Bd3 Ne7 14. Ng5
h6 15. Ne4 Bb6 16. Ng3 Nd5 17. Be1 Bb7 18. f3 Rad8 19. Kb1 Nf4 20. Bb4 c5 21.
Bc3 Nxg2 22. Be4 Bxe4 23. Nxe4 c4 24. Rhg1 Bxg1 25. Rxg1 f6 26. Rxg2 Kf7 27.
Nc5 Rd6 28. Bb4 Rfd8 29. Ka2 Rc6 30. Nb7 Rd7 31. Nc5 Rd5 32. Ne4 f5 33. Nc3 Rd7
34. f4 Rc8 35. Ne2 Rd5 36. Bc3 g6 37. Nd4 e5 38. fxe5 Rxe5 39. Nc6 Rxc6 40.
Bxe5 Re6 41. Bc7 g5 42. Rf2 Kg6 43. a4 f4 44. axb5 axb5 45. Ka3 Rc6 46. Bd8 Rd6
47. Be7 Rd5 48. Kb4 Kf5 49. Bc5 g4 50. Kxb5 h5 51. Kxc4 Rd1 52. Be7 f3 53. b4
Ke4 54. c3 Ke3 55. Rb2 Re1 56. b5 Re2 57. Bc5+ Ke4 58. Rxe2+ fxe2 59. Bf2 Kf3
60. Bg3 Kg2 61. b6 h4 62. Bxh4 Kxh2 63. b7 g3 64. b8=Q e1=Q 65. Qxg3+ 1-0

[Event "New Zealand Open Ch'p 2015"]
[Site "Devonport, Auckland"]
[Date "2015.01.06"]
[Round "6.46"]
[White "Fairley, Natasha"]
[Black "Picken, Oliver"]
[Result "1-0"]
[WhiteElo "1796"]
[BlackElo "1505"]
[PlyCount "73"]
[EventDate "2015.01.01"]
[EventType "swiss"]
[EventRounds "9"]
[SourceDate "2015.01.01"]

1. e4 c5 2. c4 g6 3. Nc3 Nc6 4. d3 Bg7 5. g3 a6 6. Nge2 d6 7. Bg2 Nf6 8. O-O e6
9. Bd2 Bd7 10. Qc1 h5 11. Bg5 Qc7 12. h3 O-O-O 13. Qf4 d5 14. Qxc7+ Kxc7 15.
cxd5 exd5 16. Bxf6 Bxf6 17. Nxd5+ Kd6 18. Nxf6 h4 19. Nxd7 Rxd7 20. Rad1 Nd4
21. Nxd4 cxd4 22. Rc1 g5 23. Rc4 Ke7 24. Rfc1 g4 25. gxh4 Rxh4 26. hxg4 Rxg4
27. Kf1 Rd6 28. Rc7+ Kf8 29. Rxb7 Rdg6 30. Rc8+ Kg7 31. Bf3 Rf4 32. Bh5 Rgf6
33. Rxf7+ Rxf7 34. Bxf7 Rxf7 35. Rd8 Rb7 36. b3 Rb4 37. Rd5 1-0

[Event "New Zealand Open Ch'p 2015"]
[Site "Devonport, Auckland"]
[Date "2015.01.06"]
[Round "6.47"]
[White "Smith, Vivian J"]
[Black "Nylund, Benjamin"]
[Result "1-0"]
[WhiteElo "1762"]
[BlackElo "1453"]
[PlyCount "51"]
[EventDate "2015.01.01"]
[EventType "swiss"]
[EventRounds "9"]
[SourceDate "2015.01.01"]

1. e4 d6 2. d4 Nf6 3. Nc3 Nc6 4. h3 b6 5. Bb5 Bd7 6. Nf3 g6 7. O-O Bg7 8. Be3
O-O 9. Qd2 a6 10. Be2 Re8 11. Bh6 Bh8 12. Bc4 b5 13. Bxf7+ Kxf7 14. e5 Kg8 15.
exf6 Bxf6 16. Rad1 Bg7 17. h4 Bg4 18. Bxg7 Kxg7 19. Ng5 Qc8 20. f3 Bd7 21. Rfe1
h6 22. Nge4 h5 23. Nd5 e6 24. Ndf6 Rh8 25. Qg5 Nb8 26. Ng3 1-0

[Event "New Zealand Open Ch'p 2015"]
[Site "Devonport, Auckland"]
[Date "2015.01.06"]
[Round "6.49"]
[White "Lamerton, Troy"]
[Black "Li, Rodney Xiang Rei"]
[Result "1/2-1/2"]
[WhiteElo "1731"]
[BlackElo "1452"]
[PlyCount "70"]
[EventDate "2015.01.01"]
[EventType "swiss"]
[EventRounds "9"]
[SourceDate "2015.01.01"]

1. d4 Nf6 2. Nf3 e6 3. Bf4 c5 4. c3 d5 5. e3 b6 6. Bd3 Bd6 7. Bxd6 Qxd6 8. O-O
O-O 9. Nbd2 Nbd7 10. Re1 Bb7 11. e4 Nxe4 12. Nxe4 dxe4 13. Bxe4 Bxe4 14. Rxe4
Nf6 15. Rh4 Rfd8 16. Qd2 Rd7 17. Rd1 Rad8 18. Re1 Qe7 19. Rh3 cxd4 20. Nxd4 Qd6
21. Qg5 Qd5 22. Qxd5 Rxd5 23. Rhe3 g6 24. f3 Kg7 25. Kf2 Ne8 26. Re5 Kf6 27. f4
a5 28. a4 Nc7 29. g4 h6 30. h4 R8d6 31. g5+ Kg7 32. Kf3 h5 33. R1e2 Kf8 34.
R2e3 Ke7 35. b3 Kd7 1/2-1/2

[Event "New Zealand Open Ch'p 2015"]
[Site "Devonport, Auckland"]
[Date "2015.01.06"]
[Round "6.51"]
[White "Braganza, Nadia"]
[Black "Maris, Fred A"]
[Result "0-1"]
[WhiteElo "1334"]
[BlackElo "1519"]
[PlyCount "108"]
[EventDate "2015.01.01"]
[EventType "swiss"]
[EventRounds "9"]
[SourceDate "2015.01.01"]

1. e4 e5 2. Nf3 Nc6 3. Nc3 Nf6 4. Bc4 Bc5 5. O-O O-O 6. d3 h6 7. Nxe5 Nxe5 8.
d4 Bxd4 9. Nb5 Bb6 10. Bb3 d6 11. Nc3 Be6 12. Bxe6 fxe6 13. h3 c6 14. b3 d5 15.
Ba3 Rf7 16. exd5 exd5 17. Na4 Bc7 18. Nc5 Qc8 19. Bb2 b6 20. Na4 Ne4 21. Bxe5
Bxe5 22. Rc1 b5 23. f3 Ng5 24. h4 Ne6 25. Qe2 Bd4+ 26. Kh1 bxa4 27. bxa4 Nf4
28. Qd2 Be5 29. Rce1 Qf5 30. g3 Ng6 31. g4 Qf4 32. Rf2 Nxh4 33. Qxf4 Bxf4 34.
Rfe2 Nxf3 35. Rf1 Ng5 36. Ref2 Raf8 37. Kg2 Ne4 38. Re2 Ng3 39. Ref2 Nxf1 40.
Kxf1 Be3 41. Rxf7 Rxf7+ 42. Ke2 d4 43. a5 c5 44. Kd3 Rf2 45. c4 a6 46. a4 Rd2+
47. Ke4 Bg5 48. Kd5 d3 49. Kxc5 Rb2 50. Kd4 d2 51. Kc3 Rb1 52. Kd4 d1=Q+ 53.
Kc5 Be7+ 54. Kc6 Qd6# 0-1

[Event "New Zealand Open Ch'p 2015"]
[Site "Devonport, Auckland"]
[Date "2015.01.06"]
[Round "6.52"]
[White "Barry, Jacob"]
[Black "Nylund, Timothy"]
[Result "0-1"]
[WhiteElo "965"]
[BlackElo "1405"]
[PlyCount "128"]
[EventDate "2015.01.01"]
[EventType "swiss"]
[EventRounds "9"]
[SourceDate "2015.01.01"]

1. e4 d6 2. d4 g6 3. Nf3 a6 4. Nc3 b5 5. b3 Bb7 6. d5 Bg7 7. Bb2 Nf6 8. Bd3 c5
9. Qe2 O-O 10. O-O-O Nbd7 11. Rhe1 Rc8 12. e5 Nxd5 13. Be4 Nxc3 14. Bxc3 Bxe4
15. Qxe4 Re8 16. Bb2 Nb6 17. Qf4 d5 18. Kb1 d4 19. Ng5 f6 20. exf6 Bxf6 21. Ne6
Nd5 22. Qxf6 exf6 23. Nxd8 Rcxd8 24. Rxe8+ Rxe8 25. c4 Nc3+ 26. Bxc3 dxc3 27.
cxb5 axb5 28. Rd5 Re2 29. Rxc5 Rxf2 30. Rxc3 Rxg2 31. Rc5 f5 32. Rxb5 f4 33.
Rb8+ Kg7 34. Rb7+ Kh6 35. Rf7 Kg5 36. Rxh7 f3 37. Rf7 f2 38. h4+ Kxh4 39. Rh7+
Kg5 40. Rf7 Rg1+ 41. Kc2 f1=Q 42. Rxf1 Rxf1 43. b4 Kf5 44. a4 Kf6 45. b5 Ke6
46. Kb3 Rf4 47. a5 Kd6 48. a6 Kc7 49. a7 Kb7 50. b6 g5 51. Kc3 g4 52. Kd3 g3
53. Ke3 g2 54. Kxf4 g1=Q 55. a8=Q+ Kxa8 56. b7+ Kxb7 57. Kf3 Qe1 58. Kg2 Qe3
59. Kf1 Kc6 60. Kg2 Qf4 61. Kh3 Qg5 62. Kh2 Kd5 63. Kh3 Ke4 64. Kh2 Kf3 0-1

[Event "New Zealand Open Ch'p 2015"]
[Site "Devonport, Auckland"]
[Date "2015.01.06"]
[Round "6.54"]
[White "Ryu, Rosa"]
[Black "McRae, John H"]
[Result "1/2-1/2"]
[WhiteElo "684"]
[BlackElo "1133"]
[PlyCount "48"]
[EventDate "2015.01.01"]
[EventType "swiss"]
[EventRounds "9"]
[SourceDate "2015.01.01"]

1. d4 d5 2. Bf4 e6 3. Nf3 Nc6 4. c3 Be7 5. Nbd2 Nf6 6. e3 O-O 7. Bd3 h6 8. h4
Ng4 9. Ne5 Ngxe5 10. dxe5 f6 11. Qh5 f5 12. Nf3 Qe8 13. g4 Qxh5 14. gxh5 Bd7
15. Bxh6 gxh6 16. Rg1+ Kh8 17. Ke2 Be8 18. Rh1 Bxh5 19. Rag1 Nxe5 20. Rg3 Ng6
21. Kd2 Kh7 22. Ng5+ Kh8 23. Nxe6 Rf6 24. Nxc7 Rd8 1/2-1/2

[Event "New Zealand Open Ch'p 2015"]
[Site "Devonport, Auckland"]
[Date "2015.01.06"]
[Round "6.55"]
[White "Meng, Richard"]
[Black "Li, Leo Xiang Yu"]
[Result "1-0"]
[WhiteElo "1106"]
[BlackElo "955"]
[PlyCount "99"]
[EventDate "2015.01.01"]
[EventType "swiss"]
[EventRounds "9"]
[SourceDate "2015.01.01"]

1. e4 c5 2. Nf3 a6 3. d4 cxd4 4. Nxd4 e5 5. Nf3 Nc6 6. Bc4 Bc5 7. O-O Nf6 8.
Nc3 O-O 9. Bg5 h6 10. Bh4 b5 11. Bb3 Na5 12. Nd5 Be7 13. Nxe7+ Qxe7 14. Bd5 Bb7
15. Qd2 Bxd5 16. exd5 Nc4 17. Qc3 Rac8 18. b3 Na3 19. Qxe5 Qxe5 20. Nxe5 Rxc2
21. Bxf6 gxf6 22. Nxd7 Rd8 23. Nxf6+ Kg7 24. Ng4 Re2 25. Ne3 Nc2 26. Nxc2 Rxc2
27. Rfd1 Kf6 28. Rd4 Rdc8 29. h3 Ke5 30. Rh4 b4 31. Rxh6 a5 32. Re1+ Kxd5 33.
Rh5+ Kd4 34. Rxa5 Rc1 35. Rxc1 Rxc1+ 36. Kh2 Rc2 37. f3 Rc5 38. Ra7 Rc2 39. h4
Ke5 40. Rxf7 Rxa2 41. Rg7 Ra3 42. h5 Rxb3 43. h6 Rb1 44. h7 b3 45. h8=Q b2 46.
Rd7+ Ke6 47. Qe8+ Kf6 48. Rf7+ Kg6 49. Qg8+ Kh6 50. Rh7# 1-0

[Event "New Zealand Open Ch'p 2015"]
[Site "Devonport, Auckland"]
[Date "2015.01.06"]
[Round "6.56"]
[White "Mendoza, Darcy"]
[Black "Steadman, Mathew"]
[Result "0-1"]
[WhiteElo "612"]
[BlackElo "1103"]
[PlyCount "52"]
[EventDate "2015.01.01"]
[EventType "swiss"]
[EventRounds "9"]
[SourceDate "2015.01.01"]

1. e4 d6 2. d4 Nf6 3. Nc3 c6 4. Nf3 Qc7 5. Be2 Nbd7 6. d5 e5 7. O-O Be7 8. h3
h6 9. Be3 Rg8 10. Qd2 Nf8 11. Na4 Nxe4 12. Qd3 Nf6 13. c4 e4 14. Qd2 exf3 15.
Bxf3 g5 16. g4 Ng6 17. Rfe1 Ne5 18. Be2 Bd7 19. b4 cxd5 20. cxd5 Bxa4 21. f4
gxf4 22. Bxf4 h5 23. Bxe5 dxe5 24. g5 Nd7 25. h4 Qb6+ 26. Kh1 Bxb4 0-1

[Event "New Zealand Open Ch'p 2015"]
[Site "Devonport, Auckland"]
[Date "2015.01.07"]
[Round "7.2"]
[White "Sukandar, Irine Kharisma"]
[Black "Gao, Hans"]
[Result "1-0"]
[WhiteElo "2392"]
[BlackElo "2116"]
[PlyCount "129"]
[EventDate "2015.01.01"]
[EventType "swiss"]
[EventRounds "9"]
[SourceDate "2015.01.01"]

1. e4 c5 2. Nf3 d6 3. Bb5+ Nd7 4. c3 Ngf6 5. Qe2 a6 6. Ba4 b5 7. Bc2 e6 8. O-O
Be7 9. d4 O-O 10. Rd1 Qc7 11. Bg5 Bb7 12. a4 Rab8 13. axb5 axb5 14. Nbd2 Rfc8
15. e5 dxe5 16. dxe5 Nd5 17. c4 Bxg5 18. Nxg5 Nf4 19. Bxh7+ Kf8 20. Qg4 Nxe5
21. Qh4 Nxg2 22. Qg3 Nf4 23. Re1 Nd7 24. cxb5 Nf6 25. Nc4 Ng2 26. Red1 Nf4 27.
Re1 Ng2 28. Qxc7 Rxc7 29. Red1 Nxh7 30. Nxh7+ Kg8 31. Ng5 Bd5 32. b6 Rcb7 33.
Ra7 Nf4 34. Rxb7 Rxb7 35. Ra1 Rb8 36. Ne3 f6 37. Nxd5 exd5 38. b7 Ne2+ 39. Kf1
Nd4 40. Ra8 Nc6 41. Ne6 Kf7 42. Nd8+ Kg6 43. Nxc6 Rxb7 44. Ra5 c4 45. Rxd5 Rxb2
46. Rc5 Rc2 47. Ne7+ Kf7 48. Nf5 Rc1+ 49. Kg2 Ke6 50. Ne3 c3 51. Nd5 c2 52. Ne3
Ra1 53. Rxc2 Ra6 54. h4 Ra4 55. Kg3 g5 56. hxg5 fxg5 57. Rc6+ Kf7 58. Rc4 Ra2
59. f3 Ra3 60. Ng4 Ra5 61. Rc7+ Kg6 62. Rc6+ Kg7 63. Nf2 Rf5 64. Ne4 Kh7 65.
Rc5 1-0

[Event "New Zealand Open Ch'p 2015"]
[Site "Devonport, Auckland"]
[Date "2015.01.07"]
[Round "7.3"]
[White "Garbett, Paul A"]
[Black "Hague, Ben"]
[Result "0-1"]
[WhiteElo "2264"]
[BlackElo "2317"]
[PlyCount "118"]
[EventDate "2015.01.01"]
[EventType "swiss"]
[EventRounds "9"]
[SourceDate "2015.01.01"]

1. Nf3 Nf6 2. c4 e6 3. g3 a6 4. Bg2 b5 5. b3 Bb7 6. O-O c5 7. Bb2 Be7 8. Nc3
Qb6 9. e3 O-O 10. Qe2 b4 11. Na4 Qc7 12. d4 d6 13. dxc5 dxc5 14. Be5 Qa5 15.
Rad1 Bc6 16. Ne1 Bxg2 17. Nxg2 Nbd7 18. Bd6 Bxd6 19. Rxd6 Rab8 20. Rfd1 Nb6 21.
Nxb6 Rxb6 22. Rd8 Rb8 23. Rxb8 Rxb8 24. Qd3 h6 25. Rd2 Qa3 26. Qb1 Ne4 27. Rd7
Nc3 28. Qc2 Qxa2 29. Qxa2 Nxa2 30. Rd1 Nc3 31. Ra1 Ne4 32. Kf1 Nd2+ 33. Ke1
Nxb3 34. Rxa6 Rd8 35. Ra2 Rd3 36. Rc2 Na5 37. Nf4 Rd8 38. Ke2 b3 39. Rb2 Rb8
40. Kd3 Rb4 41. h4 Nxc4 42. Rxb3 Rxb3+ 43. Kxc4 Rb2 44. Nd3 Rd2 45. Kc3 Re2 46.
Kc4 e5 47. g4 f6 48. Kxc5 e4 49. Nf4 Rxf2 50. Kd4 Rh2 51. g5 Rxh4 52. gxf6 gxf6
53. Kxe4 Kf7 54. Kf5 Rh1 55. Kg4 Re1 56. Nd5 Rg1+ 57. Kf3 h5 58. Nf4 h4 59. Kf2
Rg8 0-1